000 01041cam a2200313 a 4500
001 06079
003 DO-SdBPM
005 20250723093638.0
007 ta
008 080527s2007 ck a d 000 0cspa d
010 _a
020 _a9789587045451
020 _a9587045459
040 4 _aDO-SdBPM
_bspa
_cBPMSU
_erda
_d
082 4 _a781.66
_bB447a 2007
_222
100 1 _aBellon, Manolo,
_d1949-
_eautor
245 1 3 _aEl ABC del rock :
_btodo lo que hay que saber /
_cManolo Bellon.
264 _aBogotá, Colombia :
_bDistribuidora y Editora Aguilar,
_c2007.
300 _a 576 págians, [12] páginas. de láminas ;
_c24 cm.
_b
_e
490 0 _aPensamiento
500 _a Incluye datos biográficos del autor en la solapa de la cubierta
504 _aBibliografía páginas 575-576.
590 _aInventariado, 2025/VM
650 7 _aMúsica rock
_x Historia.
650 7 _aGrupos de rock
_xHistoria.
650 7 _aCantantes de rock
_xHistoria.
910 _aVMateo V. Control de calidad. BPMSU
942 _2ddc
_cBK
999 _c11327
_d11327